Clic Les tickets gagnants des présidentielles américaines - Statistiques

Statistiques générales
  • Ce quiz a été pris 19 fois
  • Le résultat moyen est 7 sur 14
Statistiques - réponses
Hint Extra Hint Réponse % Correct
Joe Biden 2020 Kamala Harris
88%
Bill Clinton 1992 & 1996 Al Gore
71%
Barack Obama 2008 & 2012 Joe Biden
71%
John F. Kennedy 1960 Lyndon B. Johnson
65%
Donald Trump 2024 J. D. Vance
59%
Donald Trump 2016 Mike Pence
59%
Ronald Reagan 1980 & 1984 George H. W. Bush
53%
Dwight D. Eisenhower 1952 & 1956 Richard Nixon
41%
George W. Bush 2000 & 2004 Dick Cheney
35%
Harry Truman 1948 Alben William Barkley
29%
Richard Nixon 1968 & 1972 Spiro Agnew
29%
Lyndon B. Johnson 1964 Hubert Humphrey
24%
George H. W. Bush 1988 Dan Quayle
18%
Jimmy Carter 1976 Walter Mondale
18%
Aucun quiz correspondant
Distribution des résultats
% des personnes avec chaque résultat
Percentile par nombre de réponses
Votre historique - résultats
Vous n’avez pas pris ce quiz